Togas para la libertad / (Record no. 63068)

MARC details
000 -LEADER
campo de control de longitud fija 00820nam a2200217 i 4500
001 - NÚMERO DE CONTROL
campo de control 63068
003 - IDENTIFICADOR DE NÚMERO DE CONTROL
campo de control ES-MaACL
005 - FECHA Y HORA DE LA ÚLTIMA TRANSACCIÓN
campo de control 20231227193320.0
007 - CAMPO FIJO DE DESCRIPCIÓN FÍSICA--INFORMACIÓN GENERAL
campo de control de longitud fija t|
008 - DATOS DE LONGITUD FIJA--INFORMACIÓN GENERAL
campo de control de longitud fija 031128s1982 sp a |||| | spa d
100 1# - ENTRADA PRINCIPAL--NOMBRE DE PERSONA
Nombre de persona Fernández Viagas, Plácido.
9 (RLIN) 50153
245 10 - MENCIÓN DEL TÍTULO
Título Togas para la libertad /
Mención de responsabilidad, etc. por Plácido Fernández Viagas ; entrevistas por Lola Cintado ; prólogo, Antonio Hernández Gil ; presentación, Felipe González Márquez.
260 ## - PUBLICACIÓN, DISTRIBUCIÓN, ETC.
Lugar de publicación, distribución, etc. [Barcelona] :
Nombre del editor, distribuidor, etc. Planeta,
Fecha de publicación, distribución, etc. [1982]
300 ## - DESCRIPCIÓN FÍSICA
Extensión 331 p. :
Otras características físicas il. ;
Dimensiones 20 cm.
650 04 - PUNTO DE ACCESO ADICIONAL DE MATERIA--TÉRMINO DE MATERIA
Término de materia o nombre geográfico como elemento de entrada Poder judicial-
Subdivisión geográfica España.
9 (RLIN) 16148
650 #4 - PUNTO DE ACCESO ADICIONAL DE MATERIA--TÉRMINO DE MATERIA
Término de materia o nombre geográfico como elemento de entrada Administración de justicia-
Subdivisión geográfica España.
9 (RLIN) 9621
700 1# - ENTRADA AGREGADA--NOMBRE PERSONAL
Nombre de persona González Márquez, Felipe,
Fechas asociadas al nombre 1942-
9 (RLIN) 58780
700 1# - ENTRADA AGREGADA--NOMBRE PERSONAL
Nombre de persona Hernández Gil, Antonio,
Fechas asociadas al nombre 1915-1994
9 (RLIN) 62943
852 ## - LOCALIZACIÓN
Ubicación ES-MaACL
Número de control de estantería L-2056
Holdings
Estatus retirado Estado de pérdida Estado de daño No para préstamo Biblioteca de origen Biblioteca actual Ubicación en estantería Fecha de adquisición Fuente de adquisición Total de préstamos Signatura topográfica completa Código de barras Visto por última vez Precio de reemplazo Tipo de ítem Koha
        Biblioteca del Ateneo de Madrid Biblioteca del Ateneo de Madrid Depósito 2 17/01/2008     L-2056 1066116 23/02/2023 23/02/2023 Libro impreso